000 01116nam a2200325 4500
003 OSt
005 20260601193527.0
008 260506b2009 cc ||||| |||| 00| 0 spa d
020 _a9789685616188
040 _aICI
_bSPA
_cICI
041 _aSPA
050 _a NK5440.D75
_bK73
100 1 _aKramer, Michael,
_eautor
_935881
245 1 _a13 vasos = 13 glasses /
_c [textos de Michael Kramer, Héctor Rivero Borell, Julia Cooke, Javier Barreiro Cavestany]
246 3 _a13 glasses
246 3 _aTrece vasos
246 3 _aThirteen glasses
264 _aMéxico, D.F. :
_bArquine,
_c2009
300 _a152 páginas :
_bilustraciones a color
336 _atexto
_2rdacontent
337 _asin medio
_2rdamedia
338 _avolumen
_2rdacarrier
500 _aTexto en inglés y español
650 _aVasos para beber
_x Historia |y Siglo XXI
_zMéxico
_935882
650 _aCristalería
_xHistoria |y Siglo XXI
_zMéxico
_935883
700 _a Rivero Borrell M., Hector,
_eautor
_935884
700 1 _a Cooke, Julia,
_e autor
_935885
700 1 _a Barreiro, Javier,
_d1959
_eautor
_935886
942 _2lcc
_cB
_n1
999 _c21215
_d21215